000 00633nam a22002057a 4500
999 _c11639
_d11639
003 AR-CdUCM
008 190404b ||||| |||| 00| 0 spa d
040 _aMUNICIPALIDAD PROVINCIAL DEL CUSCO
_cBIBLIOTECA MUNICIPAL DEL CUSCO
082 _aEP / 372.4 /
_bC29
100 _aCarbone, Rosa
_929096
245 _aBon Bon :
_bEl cervatillo /
260 _bEdiciones San Jeronino,
300 _a8 paginas ;
_bilustraciones, graficos, dibujos,
_c22 cm.
500 _aCuentos
650 _aCuentos
_9217
650 _aTexto infantil
_929090
650 _aCuaderno de lectura
_927506
942 _2ddc
_cLIBROS
945 _apjha
_d2019-04-04